Monografias Esenciales (Registro nro. 1444)
[ vista simple ]
| 000 -LEADER | |
|---|---|
| fixed length control field | 00709nas a22001937a 4500 |
| 008 - CAMPO DE CONTROL RECURSOS CONTINUADOS | |
| fixed length control field | 130520t????9999ag ||||| |||| 00| 0 spa d |
| 245 ## - TITULO | |
| Titulo | Monografias Esenciales |
| 260 ## - PUBLICACION, DISTRIBUCION, ETC. (PIE DE IMPRENTA) | |
| Lugar de publicación, distribución, etc | Buenos Aires, |
| Nombre de la editorial, distribuidor, etc. | Sociedad Iberoamericana de Informacion Cientifica: |
| Fecha de publicación | s/f |
| 300 ## - DESCRIPCION FISICA | |
| Extensión | v. : |
| 440 ## - MENCION DE SERIE - TITULO CON ENTRADA SEC. | |
| Title | Nueva propuesta terapeutica en la Incontinencia de Orina y Vejiga Hiperactiva |
| 9 (RLIN) | 2339 |
| 546 ## - NOTA DE IDIOMA | |
| Nota de lenguaje | español |
| 590 ## - NOTAS LOCALES (RLIN) | |
| Nota local | Existencias: 1 ejemplar (sin fecha) |
| 650 ## - MATERIA-TERMINO TEMATICO | |
| Término temático | INCONTINENCIA URINARIA-TRATAMIENTO |
| 9 (RLIN) | 2340 |
| 650 ## - MATERIA-TERMINO TEMATICO | |
| Término temático | UROLOGIA |
| 9 (RLIN) | 2015 |
| 650 ## - MATERIA-TERMINO TEMATICO | |
| Término temático | ENFERMEDADES DE LA VEJIGA URINARIA-TRATAMIENTO |
| 9 (RLIN) | 2341 |
| 650 ## - MATERIA-TERMINO TEMATICO | |
| Término temático | DARIFENACINA |
| 9 (RLIN) | 2146 |
| 856 ## - LOCALIZACION ELECTRONICA Y ACCESO | |
| Identificador Uniforme de Recurso (URI) | <a href="http://www.siicsalud.com/lmr/siicdatabases.php">http://www.siicsalud.com/lmr/siicdatabases.php</a> |
| 942 ## - ADDED ENTRY ELEMENTS (KOHA) | |
| Source of classification or shelving scheme | Dewey Decimal Classification |
| Item type | Continuing Resources |
No hay ítems disponibles.